Normal view
MARC view
Entry Topical Term
001 - CONTROL NUMBER
- control field: 9423
003 - CONTROL NUMBER IDENTIFIER
- control field: OSt
005 - DATE AND TIME OF LATEST TRANSACTION
- control field: 20160616150031.0
008 - FIXED-LENGTH DATA ELEMENTS
- fixed length control field: 160616|| aca||aabn | a|a d
040 ## - CATALOGING SOURCE
- Original cataloging agency: OSt
- Transcribing agency: OSt
150 ## - HEADING--TOPICAL TERM
- Topical term or geographic name entry element: Bacterial toxins
- Form subdivision: Popular works.
670 ## - SOURCE DATA FOUND
- Source citation: Work cat.: (OSt)4379: Lax, Alistair J., 9422, Toxin :, 2005.
